[Event "Autumn Cup - Group E"]
[Site "Wellington Chess Club"]
[Date "2021.05.20"]
[Round "3.3"]
[White "Heyworth, Nicholas"]
[Black "Zaslow, Henry"]
[Result "1-0"]
[WhiteElo "1822"]
[BlackElo "1800"]

1. e4 e5 2. Nf3 Nc6 3. d4 exd4 4. Nxd4 Nf6 5. Nc3 Bb4 6. Nxc6 bxc6 7. Bd3 O-O
8. O-O d5 9. exd5 cxd5 10. Bg5 Bxc3 11. bxc3 Qd6 12. Qf3 Bg4 13. Qf4 Qxf4 14.
Bxf4 c6 15. f3 Bh5 16. Rab1 Nd7 17. c4 dxc4 18. Bxc4 Bg6 19. Rbd1 Nb6 20. Bb3
c5 21. c4 Rfe8 22. Rfe1 Rxe1+ 23. Rxe1 Bd3 24. Bd6 Rc8 25. Bxc5 h6 26. Bxb6
axb6 27. Rc1 Rc5 28. a4 f6 29. Kf2 Kf7 30. Ke3 Bf5 31. Kd4 g5 32. Re1 Be6 33.
Kc3 Ke7 34. Rd1 f5 35. Kb4 f4 36. Rd4 Bf5 37. Rd5 Rxd5 38. cxd5 Bd7 39. Kc4 Kd6
40. Kd4 Bf5 41. Bc4 Bg6 42. Bb5 Bf5 43. Bc6 Bg6 44. Kc4 Bf7 45. Kb5 Kc7 46. d6+
Kxd6 47. Kxb6 h5 48. a5 Bc4 49. Bb7 g4 50. a6 Bxa6 51. Kxa6 g3 52. hxg3 fxg3
53. Bc8 Ke5 54. Kb6 1-0

[Event "Autumn Cup - Group E"]
[Site "Wellington Chess Club"]
[Date "2021.05.27"]
[Round "4.1"]
[White "Carroll, Lewis"]
[Black "Zaslow, Henry"]
[Result "1-0"]
[WhiteElo "1806"]
[BlackElo "1800"]

1. e4 Nf6 2. e5 Nd5 3. c4 Nb6 4. d4 d6 5. f4 g6 6. Nf3 Bg7 7. Nc3 Bf5 8. Nh4
dxe5 9. Nxf5 gxf5 10. fxe5 c5 11. Qf3 Nc6 12. d5 Nd4 13. Qg3 Kf8 14. Bd3 Nd7
15. e6 fxe6 16. dxe6 Nxe6 17. Bxf5 Nd4 18. O-O Nf6 19. Be3 Nxf5 20. Rxf5 b6 21.
Nd5 e6 22. Rxf6+ Bxf6 23. Nxf6 1-0

[Event "Autumn Cup - Group E"]
[Site "Wellington Chess Club"]
[Date "2021.05.27"]
[Round "4.2"]
[White "Hall, Nathan"]
[Black "Heyworth, Nicholas"]
[Result "1-0"]
[WhiteElo "1807"]
[BlackElo "1822"]

1. e4 c5 2. Nf3 d6 3. d4 cxd4 4. Nxd4 Nf6 5. Nc3 a6 6. Be2 e5 7. Nb3 Be7 8. Be3
Be6 9. Nd5 Nxd5 10. exd5 Bf5 11. Qd2 Nd7 12. Na5 Qc7 13. c4 O-O 14. O-O Bg6 15.
b4 f5 16. f4 exf4 17. Bxf4 Nf6 18. a3 Ne4 19. Qd3 Bf6 20. Rac1 Qd7 21. c5 Be8
22. cxd6 Nxd6 23. Bxd6 Qxd6 24. Nxb7 Qb6+ 25. Nc5 Bb5 26. Qd2 h6 27. Rc2 Ba4
28. Kh1 Bxc2 29. Qxc2 Qd6 30. Rxf5 Rfc8 31. Qd3 Be7 32. Rf1 Rxc5 33. bxc5 Qxc5
34. Bg4 Qxa3 35. Qg6 Qd6 36. Be6+ Kh8 37. Rf7 Bf8 38. Rf6 Rc8 39. Bxc8 1-0

[Event "Autumn Cup - Group E"]
[Site "Wellington Chess Club"]
[Date "2021.05.27"]
[Round "4.3"]
[White "Langford, Josh"]
[Black "Ashe, Michael"]
[Result "1-0"]
[WhiteElo "1802"]
[BlackElo "1803"]

1. e4 c6 2. d4 d5 3. Nc3 dxe4 4. Nxe4 Nf6 5. Nxf6+ exf6 6. c3 Bd6 7. Bd3 O-O 8.
Ne2 Re8 9. O-O Bg4 10. f3 Bh5 11. Nf4 Bg6 12. Nxg6 hxg6 13. Qb3 Qc7 14. f4 g5
15. fxg5 Bxh2+ 16. Kh1 fxg5 17. Rxf7 Qxf7 18. Bc4 1-0

[Event "Autumn Cup - Group E"]
[Site "Wellington Chess Club"]
[Date "2021.06.03"]
[Round "5.1"]
[White "Ashe, Michael"]
[Black "Carroll, Lewis"]
[Result "0-1"]
[WhiteElo "1803"]
[BlackElo "1806"]

1. d4 Nf6 2. c4 c5 3. d5 d6 4. Nc3 e6 5. e4 exd5 6. cxd5 g6 7. h3 a6 8. a4 Bg7
9. Nf3 O-O 10. Be2 Re8 11. Nd2 Nbd7 12. O-O Rb8 13. Qc2 Qa5 14. Nc4 Qc7 15. Bf4
Ne5 16. Nxe5 dxe5 17. Be3 Qd6 18. f3 Bd7 19. Nb1 Rec8 20. Nd2 b5 21. axb5 axb5
22. Rfc1 c4 23. Qd1 Rc7 24. Nb1 Nh5 25. b3 Rbc8 26. bxc4 bxc4 27. Nc3 Ng3 28.
Rab1 Nxe2+ 29. Qxe2 Bf8 30. Rb6 Qa3 31. Qb2 Qxb2 32. Rxb2 Ba3 33. Rbc2 Bxc1 34.
Rxc1 Rb8 35. f4 f6 36. fxe5 fxe5 37. Rc2 Rb3 38. Kf2 Bb5 39. Nxb5 Rxb5 40. Bd2
Kf7 41. Bc3 Kf6 42. Ke3 h5 43. Rf2+ Kg5 44. Bxe5 Rb3+ 45. Kd4 Rd3# 0-1

[Event "Autumn Cup - Group E"]
[Site "Wellington Chess Club"]
[Date "2021.06.03"]
[Round "5.2"]
[White "Heyworth, Nicholas"]
[Black "Langford, Josh"]
[Result "0-1"]
[WhiteElo "1822"]
[BlackElo "1802"]

1. e4 c6 2. d4 d5 3. exd5 cxd5 4. c4 Nf6 5. Nc3 Nc6 6. Nf3 Bg4 7. cxd5 Nxd5 8.
Qb3 Bxf3 9. gxf3 Nb6 10. d5 Nd4 11. Qd1 Nf5 12. Bb5+ Nd7 13. Bf4 g6 14. Ne4
Qa5+ 15. Nc3 Bg7 16. Bxd7+ Kxd7 17. O-O Rac8 18. Re1 Rc5 19. Be5 Bxe5 20. Rxe5
Rhc8 21. Qd3 Qb4 22. Rae1 Rc4 23. d6 e6 24. Rb5 Qxd6 25. Rxb7+ R4c7 26. Qb5+
Qc6 27. Rd1+ Nd6 28. Rxd6+ Kxd6 29. Ne4+ Kd7 30. Nc5+ Kd8 31. Qxc6 Rxc6 32. Ne4
R8c7 33. Rb8+ Rc8 34. Rb7 R8c7 35. Rb3 Rc2 36. Ng5 h5 37. Ne4 Kd7 38. Kg2 Kc6
39. Nc3 Rb7 40. Rxb7 Kxb7 41. Nd1 Rd2 0-1

[Event "Autumn Cup - Group E"]
[Site "Wellington Chess Club"]
[Date "2021.06.03"]
[Round "5.3"]
[White "Zaslow, Henry"]
[Black "Hall, Nathan"]
[Result "1/2-1/2"]
[WhiteElo "1800"]
[BlackElo "1807"]

1. e4 e6 2. d4 d5 3. Nc3 Nf6 4. e5 Nfd7 5. Nf3 c5 6. dxc5 Nc6 7. Bf4 Bxc5 8.
Bd3 Qb6 9. O-O a6 10. a3 Be7 11. Re1 Nc5 12. Be3 Qc7 13. Kh1 b5 14. b4 Nd7 15.
Bf4 Nxb4 16. Nxb5 axb5 17. axb4 Rxa1 18. Qxa1 Bxb4 19. Bd2 Bxd2 20. Nxd2 Qc5
21. Re3 O-O 22. Qa5 b4 23. Nb3 Qxa5 24. Nxa5 f6 25. f4 fxe5 26. fxe5 Nc5 27.
Kg1 Bd7 28. Nb3 Na4 29. Rh3 h6 30. Rh4 Rb8 31. Kf2 Kf7 32. Ke3 Ke7 1/2-1/2

[Event "Autumn Cup - Group F"]
[Site "Wellington Chess Club"]
[Date "2021.05.06"]
[Round "1.1"]
[White "Dixon, Hamish"]
[Black "Marney, John"]
[Result "1-0"]
[WhiteElo "1738"]
[BlackElo "1678"]

1. e4 e5 2. Nf3 Nc6 3. d4 exd4 4. Bc4 Bc5 5. O-O Nf6 6. e5 d5 7. exf6 dxc4 8.
fxg7 Rg8 9. Bh6 Qf6 10. Qd2 Ne7 11. Qg5 Qxg5 12. Nxg5 Nf5 13. Re1+ Be6 14. Nxe6
fxe6 15. Rxe6+ Kf7 16. Re5 Nxh6 17. Rxc5 c6 18. Rxc4 Rad8 19. Nd2 Nf5 20. Nf3
Kxg7 21. Rd1 Rge8 22. g4 Nh6 23. h3 Kf6 24. g5+ 1-0

[Event "Autumn Cup - Group F"]
[Site "Wellington Chess Club"]
[Date "2021.05.06"]
[Round "1.2"]
[White "Winsley, Nicholas"]
[Black "Stracy, Don"]
[Result "1-0"]
[WhiteElo "1690"]
[BlackElo "1728"]

1. e4 c5 2. a3 Nc6 3. b4 cxb4 4. axb4 Nxb4 5. c3 Nc6 6. d4 e6 7. Bf4 Nf6 8. Bd3
Be7 9. Na3 a6 10. Nb5 d6 11. e5 dxe5 12. dxe5 Nd5 13. Bg3 O-O 14. Qc2 g6 15.
Nd6 Bxd6 16. exd6 e5 17. Be4 Be6 18. Rd1 Qa5 19. Ne2 Rfd8 20. Bxd5 Bxd5 21. O-O
Rd7 22. c4 Be6 23. c5 Rc8 24. Ra1 Qd8 25. f3 f6 26. Bf2 Nb4 27. Qd2 Nc6 28.
Rfb1 Na7 29. Nc3 Rc6 30. Ra4 Kg7 31. f4 exf4 32. Rxf4 Nb5 33. Nxb5 axb5 34.
Rxb5 Qa8 35. Qb2 Bf5 36. Rfb4 Ra6 37. h3 Ra2 38. Qd4 Ra1+ 39. Kh2 Ra5 40. Bh4
g5 41. Bxg5 1-0

[Event "Autumn Cup - Group F"]
[Site "Wellington Chess Club"]
[Date "2021.05.13"]
[Round "2.1"]
[White "Marney, John"]
[Black "Webster, Jamie"]
[Result "0-1"]
[WhiteElo "1678"]
[BlackElo "1693"]

1. e4 e5 2. Nf3 Nc6 3. Bc4 Bc5 4. d3 Nf6 5. c3 a6 6. Nbd2 d6 7. Bb3 Ba7 8. O-O
O-O 9. Re1 Nh5 10. Nf1 Qf6 11. Ne3 Nf4 12. Nd5 Nxd5 13. Bxd5 h6 14. h3 Ne7 15.
Bb3 Ng6 16. d4 Nf4 17. Kh2 Be6 18. d5 Bd7 19. Be3 Bxe3 20. Rxe3 Ng6 21. Bc4 Nh4
22. Bf1 Qf4+ 23. g3 Nxf3+ 24. Qxf3 Qxf3 25. Rxf3 f5 26. exf5 Rxf5 27. Rxf5 Bxf5
28. Rd1 Rf8 29. Rd2 a5 30. h4 Bb1 31. a3 Kf7 32. Bh3 Ke7 33. Bg4 g5 34. hxg5
hxg5 35. f3 Bg6 36. b4 b6 37. bxa5 bxa5 38. Rb2 Bd3 39. Rb7 Kd8 40. Rb8+ Ke7
41. Rb7 Kd8 42. Ra7 e4 43. Rxa5 exf3 44. Ra8+ Ke7 45. Rxf8 Kxf8 46. Bxf3 Kg7
47. Kg2 Kf6 48. Kf2 Bb5 49. Be2 Ba4 50. Kf3 c5 51. dxc6 Bxc6+ 52. Ke3 Ke5 53.
Bf3 d5 54. Kd3 Bb5+ 55. Kd2 d4 56. Be2 dxc3+ 57. Kxc3 Bxe2 58. a4 Ke4 59. a5
Kf3 60. Kd2 Ba6 61. Ke1 Kxg3 0-1

[Event "Autumn Cup - Group F"]
[Site "Wellington Chess Club"]
[Date "2021.05.13"]
[Round "2.2"]
[White "Stracy, Don"]
[Black "Shyamsundar, Tejas"]
[Result "0-1"]
[WhiteElo "1728"]
[BlackElo "1647"]

1. e4 c5 2. Nf3 d6 3. d4 cxd4 4. Nxd4 Nf6 5. Nc3 a6 6. Bd3 b5 7. a3 g6 8. O-O
Bg7 9. h3 O-O 10. Be3 Qc7 11. Rc1 Nbd7 12. Nd5 Nxd5 13. exd5 Ne5 14. f4 Nc4 15.
Bxc4 bxc4 16. c3 Bd7 17. Nf3 Rab8 18. Qe2 Bf5 19. Rfe1 Bd3 20. Qd2 Rb7 21. Bd4
Rfb8 22. Bxg7 Kxg7 23. Nd4 Rxb2 24. Qe3 R8b7 25. Nc6 Kf8 26. Qd4 Qb6 27. Qxb6
R2xb6 28. Re3 Rb1 29. Rce1 Rxe1+ 30. Rxe1 f5 31. Nb4 Be4 32. Kf2 a5 33. Nc6
Rb2+ 34. Kg3 Rxg2+ 35. Kh4 e6 36. Nxa5 Bxd5 0-1

[Event "Autumn Cup - Group F"]
[Site "Wellington Chess Club"]
[Date "2021.05.13"]
[Round "2.3"]
[White "Dixon, Hamish"]
[Black "Winsley, Nicholas"]
[Result "0-1"]
[WhiteElo "1738"]
[BlackElo "1690"]

1. e4 e5 2. Nf3 Nc6 3. d4 exd4 4. c3 dxc3 5. Nxc3 h6 6. Bc4 Bb4 7. O-O Nge7 8.
Nd5 Nxd5 9. exd5 Ne7 10. a3 Bd6 11. b4 O-O 12. Bb2 Nf5 13. Re1 Be7 14. Qc2 d6
15. Re2 Nh4 16. Nxh4 Bxh4 17. Qe4 Be7 18. Bd3 f5 19. Qf3 Bf6 20. Bxf6 Qxf6 21.
Rae1 Bd7 22. Re7 Rae8 23. Rxe8 Rxe8 24. Rxe8+ Bxe8 25. g3 Qa1+ 26. Kg2 Qxa3 27.
Qe3 Bf7 0-1

[Event "Autumn Cup - Group F"]
[Site "Wellington Chess Club"]
[Date "2021.05.20"]
[Round "3.1"]
[White "Winsley, Nicholas"]
[Black "Shyamsundar, Tejas"]
[Result "1-0"]
[WhiteElo "1690"]
[BlackElo "1647"]

1. d4 Nf6 2. c4 c5 3. d5 b5 4. cxb5 a6 5. bxa6 Bxa6 6. Nc3 d6 7. e4 Bxf1 8.
Kxf1 g6 9. g3 Bg7 10. Kg2 O-O 11. Nf3 Nfd7 12. Bf4 Nb6 13. h4 N8d7 14. h5 Rb8
15. hxg6 fxg6 16. Ng5 Rxf4 17. gxf4 Nf8 18. Qg4 Nc4 19. Ne6 Rxb2 20. Nd1 Qb6
21. Nxg7 Rxf2+ 22. Kxf2 Nb2 23. Nxb2 Qxb2+ 24. Qe2 Qd4+ 25. Qe3 Qxg7 26. a4 Nd7
27. a5 Nf6 28. Qe2 1-0

[Event "Autumn Cup - Group F"]
[Site "Wellington Chess Club"]
[Date "2021.05.20"]
[Round "3.2"]
[White "Shyamsundar, Tejas"]
[Black "Dixon, Hamish"]
[Result "0-1"]
[WhiteElo "1647"]
[BlackElo "1738"]

1. Nf3 Nf6 2. d4 e6 3. g3 c5 4. c3 d5 5. Bg2 Nc6 6. O-O Be7 7. Bg5 b6 8. e3 h6
9. Bxf6 Bxf6 10. Nbd2 O-O 11. Qc2 Ba6 12. Rfc1 Rc8 13. Qd1 cxd4 14. exd4 Qd7
15. Bf1 Bxf1 16. Qxf1 Rc7 17. Ne1 Rfc8 18. Nd3 Qd6 19. Re1 b5 20. Nc5 b4 21. f4
bxc3 22. bxc3 Nxd4 23. Nce4 dxe4 24. Nxe4 Qe7 25. Nxf6+ Qxf6 26. cxd4 Qxd4+ 27.
Qf2 Qxf2+ 28. Kxf2 Rc2+ 29. Re2 Rxe2+ 30. Kxe2 Rc2+ 0-1

[Event "Autumn Cup - Group F"]
[Site "Wellington Chess Club"]
[Date "2021.05.20"]
[Round "3.3"]
[White "Webster, Jamie"]
[Black "Stracy, Don"]
[Result "0-1"]
[WhiteElo "1693"]
[BlackElo "1728"]

1. e4 c5 2. Nf3 e6 3. d4 cxd4 4. Nxd4 Nf6 5. Nc3 Nc6 6. Ndb5 Bb4 7. a3 Bxc3+ 8.
Nxc3 O-O 9. Qd6 Qe7 10. Qxe7 Nxe7 11. e5 Nfd5 12. Nxd5 Nxd5 13. c4 Ne7 14. g3
Nc6 15. f4 b6 16. Bd2 Bb7 17. Bg2 Rac8 18. O-O Rc7 19. Rac1 Rfc8 20. c5 Nd4 21.
Bxb7 Rxb7 22. Kh1 bxc5 23. Be3 Nb3 24. Rc3 c4 25. Rd1 Kf8 26. Rd6 Ke7 27. Ra6
Rcc7 28. Ra4 d5 29. exd6+ Kxd6 30. Raxc4 Rxc4 31. Rxc4 Kd5 32. Rc3 Nd4 33. Rd3
Ke4 34. Rxd4+ Kxe3 35. Rd1 Rxb2 36. Ra1 f6 37. a4 e5 38. fxe5 fxe5 39. Kg1 e4
40. Re1+ Re2 41. Kf1 Rxe1+ 42. Kxe1 Kd3 43. Kd1 e3 44. Ke1 e2 45. a5 a6 46. g4
h6 47. h3 g5 0-1

[Event "Autumn Cup - Group F"]
[Site "Wellington Chess Club"]
[Date "2021.05.27"]
[Round "4.1"]
[White "Marney, John"]
[Black "Stracy, Don"]
[Result "0-1"]
[WhiteElo "1678"]
[BlackElo "1728"]

1. e4 c5 2. Nf3 e6 3. g3 g6 4. Bg2 Bg7 5. O-O Nc6 6. d3 Nge7 7. Nbd2 O-O 8. Re1
d5 9. h3 Bd7 10. c3 Rc8 11. e5 b5 12. d4 cxd4 13. cxd4 Nb4 14. Re2 Nd3 15. Nb3
Nxc1 16. Rxc1 Rxc1 17. Qxc1 Qb8 18. Nc5 Rd8 19. Rc2 Be8 20. h4 Rc8 21. b4 Nc6
22. Bf1 Nxb4 23. Rb2 Nc6 24. Rxb5 Qa8 25. Rb7 Na5 26. Rb4 Nc6 27. Rb7 Bf8 28.
Ba6 Nxd4 29. Nxd4 Rxc5 30. Qg5 Ra5 31. h5 Rxa6 32. Rc7 Qb8 33. Rc3 Rxa2 34.
hxg6 hxg6 35. Rf3 Ra1+ 36. Kg2 Qb1 0-1

[Event "Autumn Cup - Group F"]
[Site "Wellington Chess Club"]
[Date "2021.05.27"]
[Round "4.2"]
[White "Shyamsundar, Tejas"]
[Black "Webster, Jamie"]
[Result "0-1"]
[WhiteElo "1647"]
[BlackElo "1693"]

1. Nf3 d5 2. d4 Nf6 3. g3 Bf5 4. Bg2 e6 5. c3 Nbd7 6. O-O c5 7. Bg5 h6 8. Bxf6
Nxf6 9. Nbd2 Be7 10. Ne5 O-O 11. e3 Bh7 12. Ndf3 Rc8 13. Qe2 c4 14. Qd1 b5 15.
a4 b4 16. a5 bxc3 17. bxc3 Ne4 18. Qc1 f6 19. Bh3 fxe5 20. Bxe6+ Kh8 21. Bxc8
Rxf3 22. Bh3 exd4 23. cxd4 Qf8 24. Ra2 Ng5 25. Bg2 Bd3 26. Rd1 Qf5 27. Rb2 Nh3+
28. Bxh3 Qxh3 29. Rb8+ Kh7 30. Rb7 Be4 31. Rxe7 Rxg3+ 0-1

[Event "Autumn Cup - Group F"]
[Site "Wellington Chess Club"]
[Date "2021.05.27"]
[Round "4.3"]
[White "Winsley, Nicholas"]
[Black "Marney, John"]
[Result "0-1"]
[WhiteElo "1690"]
[BlackElo "1678"]

1. e4 e5 2. Nf3 Nc6 3. Bb5 Bc5 4. O-O Nd4 5. Nxd4 Bxd4 6. c3 Bb6 7. d4 c6 8.
Bc4 d6 9. Re1 Nf6 10. Bg5 h6 11. Bh4 g5 12. Bg3 Qe7 13. Qb3 Nh5 14. dxe5 Nxg3
15. hxg3 dxe5 16. Nd2 g4 17. Nf1 Bd7 18. Ne3 f6 19. Nf5 Bxf5 20. exf5 O-O-O 21.
Rad1 Qc5 22. Be6+ Kb8 23. Qc2 h5 24. b4 Qe7 25. Rxd8+ Rxd8 26. Rd1 a6 27. Rxd8+
Bxd8 28. Qd2 Qf8 29. a4 a5 30. b5 cxb5 31. axb5 Bb6 32. c4 Qd8 33. Qxd8+ Bxd8
34. c5 Be7 0-1

[Event "Autumn Cup - Group F"]
[Site "Wellington Chess Club"]
[Date "2021.06.03"]
[Round "5.1"]
[White "Shyamsundar, Tejas"]
[Black "Marney, John"]
[Result "1-0"]
[WhiteElo "1647"]
[BlackElo "1678"]

1. Nf3 d5 2. d4 Nf6 3. g3 e6 4. Bg2 Nbd7 5. O-O Bd6 6. Bg5 h6 7. Bxf6 Nxf6 8.
Nbd2 O-O 9. c4 c5 10. Qc2 b6 11. cxd5 exd5 12. e3 Bb7 13. Rfc1 Rc8 14. Qd1 Ne4
15. Nxe4 dxe4 16. Nd2 Qe7 17. dxc5 Bxc5 18. Qe2 Qe5 19. Nc4 Qe6 20. Qh5 Qf6 21.
b3 Rcd8 22. Rd1 Rfe8 23. Qg4 Bc8 24. Qf4 Qe7 25. Qxe4 Qxe4 26. Bxe4 Rxd1+ 27.
Rxd1 Bg4 28. f3 Be6 29. Rd3 f5 30. Bd5 Bxd5 31. Rxd5 Bxe3+ 32. Nxe3 Rxe3 33.
Kf2 Rc3 34. Re5 Rc2+ 35. Re2 Rxe2+ 36. Kxe2 Kf7 37. Ke3 Ke6 38. Kd4 Kd6 39. f4
g5 40. a3 a6 41. a4 gxf4 42. gxf4 h5 43. h3 b5 44. a5 h4 45. b4 Ke6 46. Kc5 Kd7
47. Kb6 Kd6 48. Kxa6 Kc6 49. Ka7 Kc7 50. a6 Kc8 51. Kb6 Kb8 52. Kxb5 Ka7 1-0

[Event "Autumn Cup - Group F"]
[Site "Wellington Chess Club"]
[Date "2021.06.03"]
[Round "5.3"]
[White "Stracy, Don"]
[Black "Dixon, Hamish"]
[Result "0-1"]
[WhiteElo "1728"]
[BlackElo "1738"]

1. e4 c5 2. Nf3 Nc6 3. d4 cxd4 4. Nxd4 d6 5. Nc3 Nf6 6. Be2 g6 7. O-O Bg7 8.
Be3 O-O 9. f4 Qa5 10. Nb3 Qd8 11. h3 a6 12. Qe1 b5 13. a3 Be6 14. Rd1 Bxb3 15.
cxb3 Qc7 16. b4 Rad8 17. Bf3 Rd7 18. Qf2 e6 19. Rd2 Rc8 20. Rfd1 Ne8 21. e5 d5
22. Bxd5 exd5 23. Nxd5 Qb7 24. Nb6 Rxd2 25. Rxd2 Rd8 26. Rxd8 Nxd8 27. Qd2 Ne6
28. Nd7 Bf8 29. Nxf8 Kxf8 30. Bc5+ Kg7 31. Kf2 Qc6 32. Qe3 Nxc5 33. bxc5 Nc7
34. b4 Nd5 35. Qf3 Qe6 36. g4 h6 37. Kg3 g5 38. Qe4 Nxf4 39. Qf5 Qb3+ 40. Kf2
Qb2+ 41. Ke1 Qe2# 0-1

[Event "Autumn Cup - Swiss"]
[Site "Wellington Chess Club"]
[Date "2021.05.27"]
[Round "4.6"]
[White "Brockway, Andrew"]
[Black "Farrington, Lawrence"]
[Result "1/2-1/2"]
[WhiteElo "1783"]
[BlackElo "1604"]

1. d4 Nf6 2. c4 g6 3. Nc3 Bg7 4. Nf3 O-O 5. e4 d6 6. h3 e5 7. dxe5 dxe5 8. Bg5
Qxd1+ 9. Rxd1 Nc6 10. Bxf6 Bxf6 11. Nd5 Bd8 12. Be2 f5 13. exf5 Bxf5 14. O-O
Rc8 15. Nh2 Nd4 16. Bg4 c6 17. Nc3 Bc7 18. Rd2 Rfd8 19. Rfd1 Rd6 20. Bxf5 gxf5
21. f4 Rd7 22. fxe5 Bxe5 23. Nf1 Rf7 24. Rxd4 Bxd4+ 25. Rxd4 f4 26. Nh2 Kg7 27.
Nf3 Re7 28. Kf2 h6 29. Ne2 Rf7 30. Nc3 Re8 31. Ne2 Ref8 32. Ne5 Re7 33. Nd3 f3
34. gxf3 Rfe8 35. Ng3 Kh7 36. Ne4 Rf8 37. Nd2 Rfe8 38. Ne4 Kg7 39. Ng3 Rf7 40.
Ne4 Ref8 41. Nd2 Re7 1/2-1/2

[Event "Autumn Cup - Swiss"]
[Site "Wellington Chess Club"]
[Date "2021.05.27"]
[Round "4.8"]
[White "Wang, Cheng Qi(Max)"]
[Black "Pendharkar, Ajit"]
[Result "0-1"]
[WhiteElo "1086"]
[BlackElo "1605"]

1. e4 e5 2. Nf3 Nc6 3. Bc4 Nf6 4. d3 h6 5. Be3 d6 6. Nbd2 Be7 7. c3 O-O 8. O-O
Bg4 9. h3 Bh5 10. d4 exd4 11. cxd4 Bg6 12. Qc2 d5 13. Bd3 Nb4 14. Qc3 Nxd3 15.
Qxd3 dxe4 16. Qb5 exf3 17. Nxf3 b6 18. Ne5 a6 19. Qc4 Be4 20. Nc6 Qd6 21. Nxe7+
Qxe7 22. Rac1 c6 23. f3 Bd5 24. Qd3 b5 25. Qc3 Rfe8 26. Rfe1 Qd7 27. Qc5 a5 28.
Qb6 a4 29. b3 axb3 30. axb3 Ra3 31. Rc3 Rxb3 32. Rxb3 Bxb3 0-1

[Event "Autumn Cup - Swiss"]
[Site "Wellington Chess Club"]
[Date "2021.06.03"]
[Round "5.11"]
[White "Asher, Bruce"]
[Black "Dunlop, Rafe"]
[Result "0-1"]
[WhiteElo "1119"]
[BlackElo "1376"]

1. e4 d5 2. exd5 Nf6 3. Nf3 Qxd5 4. Nc3 Qh5 5. Be2 Bg4 6. g3 Nc6 7. O-O O-O-O
8. d3 e5 9. Bg5 Nd4 10. Nxd4 Qxg5 11. Nf3 Bxf3 12. Bxf3 Bc5 13. Qc1 Qg6 14. Re1
Rhe8 15. Ne4 Nxe4 16. Bxe4 f5 17. Bf3 h5 18. Qd1 Qb6 19. Qe2 Rh8 20. c3 h4 21.
g4 fxg4 22. Bxg4+ Kb8 23. Rf1 Rdf8 24. Kg2 Qg6 25. Kh3 Rf4 26. f3 Re8 27. b4
Bd6 28. Rg1 Qf6 29. d4 Rf8 30. Rgf1 exd4 31. Rae1 a6 32. cxd4 Bxb4 33. Rb1 Rxd4
34. Qe3 Bc5 35. Qb3 Rb4 36. Qd1 Rxb1 37. Qxb1 g5 38. Qe4 Bd6 39. Rb1 b6 40. Qa4
Qe5 41. Rg1 Qxh2# 0-1

[Event "Autumn Cup - Swiss"]
[Site "Wellington Chess Club"]
[Date "2021.06.10"]
[Round "6.8"]
[White "Wang, Cheng Qi(Max)"]
[Black "Farrington, Lawrence"]
[Result "0-1"]
[WhiteElo "1086"]
[BlackElo "1604"]

1. e4 e6 2. d4 d5 3. e5 c5 4. c3 Nc6 5. Nf3 Qb6 6. Bd3 Bd7 7. Bc2 cxd4 8. cxd4
Bb4+ 9. Nc3 Nge7 10. O-O Bxc3 11. bxc3 h6 12. Be3 Na5 13. Bb3 Nxb3 14. Qxb3
Qxb3 15. axb3 a6 16. b4 Bb5 17. Rfc1 O-O 18. h3 Nf5 19. Re1 Rfc8 20. Rac1 Rc7
21. Rc2 Ne7 22. Bd2 Nc8 23. Ra1 Nb6 24. Be1 Rac8 25. Rac1 Nd7 26. Bd2 Nb8 27.
Rb1 Bd3 28. Rbc1 Bxc2 29. Rxc2 Nc6 30. Rb2 Na7 31. Rc2 Nb5 32. Be3 Rxc3 0-1

[Event "Julian Mazur Memorial"]
[Site "Wellington Chess Club"]
[Date "2021.07.22"]
[Round "1.1"]
[White "Ker, Anthony"]
[Black "Winsley, Nicholas"]
[Result "1-0"]
[WhiteElo "2452"]
[BlackElo "1690"]

1. e4 c5 2. Nc3 d6 3. f4 Nc6 4. Nf3 Nf6 5. Bb5 Bd7 6. O-O a6 7. Bxc6 Bxc6 8.
Qe1 e6 9. d3 Be7 10. h3 O-O 11. Be3 d5 12. e5 d4 13. exf6 Bxf6 14. Ne4 dxe3 15.
Nxf6+ Qxf6 16. Ne5 Rac8 17. Qxe3 Rfd8 18. Rad1 b5 19. Rd2 g6 20. c3 Bd5 21. a3
Rd6 22. Ng4 Qg7 23. Qe5 Rcd8 24. Nf6+ Kf8 25. d4 c4 26. Ne8 Qxe5 27. dxe5 Rc6
28. Nf6 h6 29. Rfd1 Rc5 30. Kf2 Ke7 31. Ke3 Rcc8 32. Nxd5+ exd5 33. Rxd5 Rxd5
34. Rxd5 Rc6 35. Kd4 Ke6 36. g4 h5 37. gxh5 gxh5 38. Ke4 Rb6 39. f5+ Ke7 40.
Kd4 Rc6 41. Rc5 Kd7 42. Rxc6 Kxc6 43. h4 a5 44. a4 1-0

[Event "Julian Mazur Memorial"]
[Site "Wellington Chess Club"]
[Date "2021.07.22"]
[Round "1.2"]
[White "Marney, John"]
[Black "Croad, Nicolas"]
[Result "0-1"]
[WhiteElo "1678"]
[BlackElo "2451"]

1. e4 e5 2. Nf3 Nc6 3. Bc4 Nf6 4. d3 Bc5 5. c3 a6 6. O-O Ba7 7. Bb3 O-O 8. Nbd2
d5 9. exd5 Nxd5 10. Re1 Nf4 11. Nxe5 Bxf2+ 12. Kxf2 Nxe5 13. d4 (13. Rxe5 Nxd3+
14. Kg1) 13... Ned3+ 14. Kf1 Qh4 15. Ne4 Bg4 16. Qd2 Qxh2 0-1

[Event "Julian Mazur Memorial"]
[Site "Wellington Chess Club"]
[Date "2021.07.22"]
[Round "1.3"]
[White "Dive, Russell"]
[Black "Darr, Samuel"]
[Result "1-0"]
[WhiteElo "2384"]
[BlackElo "1632"]

1. Nf3 d5 2. c4 e6 3. g3 Nf6 4. Bg2 Bc5 5. O-O O-O 6. d4 Bb6 7. c5 Ba5 8. a3 c6
9. Bf4 Bc7 10. Bxc7 Qxc7 11. Nc3 b6 12. b4 a5 13. Ne5 Nbd7 14. Nxd7 Bxd7 15. e4
dxe4 16. Nxe4 Nxe4 17. Bxe4 Rad8 18. Re1 h6 19. Bc2 Rfe8 20. Qd3 f5 21. Bb3 Kh8
22. Re5 Bc8 23. Qe3 Qd7 24. cxb6 Qxd4 25. Qxd4 Rxd4 26. bxa5 g6 27. Rd1 Rxd1+
28. Bxd1 Ba6 29. Bf3 g5 30. Bxc6 Rd8 31. Bf3 g4 32. Be2 Bb7 33. a6 Bf3 34. b7
Rb8 35. Bxf3 gxf3 36. a7 1-0

[Event "Julian Mazur Memorial"]
[Site "Wellington Chess Club"]
[Date "2021.07.22"]
[Round "1.4"]
[White "Pendharkar, Ajit"]
[Black "Cilia Vincenti, David"]
[Result "0-1"]
[WhiteElo "1605"]
[BlackElo "2282"]

1. e4 e5 2. Nf3 Nc6 3. Bb5 Nge7 4. Nc3 Ng6 5. d3 Be7 6. Be3 O-O 7. Nd5 d6 8.
Nxe7+ Qxe7 9. c3 h6 10. Qd2 f5 11. exf5 Bxf5 12. Bc4+ Kh8 13. d4 Bg4 14. O-O-O
e4 15. h3 Be6 16. d5 Na5 17. Bf1 exf3 18. dxe6 Qxe6 19. Bd4 Nf4 20. Kb1 fxg2
21. Bxg2 Nxg2 22. Rhg1 c5 23. Bxg7+ Kxg7 24. Rxg2+ Kh7 25. Rg3 Nc4 26. Qc2+ Qf5
27. Rgd3 Ne5 28. b3 Nxd3 29. Rxd3 Rae8 30. Kb2 b5 31. c4 bxc4 32. bxc4 Rb8+ 33.
Ka3 Rb6 34. f4 Rfb8 0-1

[Event "Julian Mazur Memorial"]
[Site "Wellington Chess Club"]
[Date "2021.07.22"]
[Round "1.5"]
[White "Winter, Ryan"]
[Black "Farrington, Lawrence"]
[Result "1-0"]
[WhiteElo "2176"]
[BlackElo "1604"]

1. e4 e6 2. d4 d5 3. Nd2 Nf6 4. e5 Nfd7 5. Bd3 c5 6. c3 Nc6 7. Ne2 Qb6 8. Nf3
cxd4 9. cxd4 Bb4+ 10. Bd2 O-O 11. O-O f6 12. exf6 Nxf6 13. Bxb4 Qxb4 14. Qc2 h6
15. a3 Qd6 16. Bb5 Bd7 17. Ng3 Rac8 18. Qe2 Rfe8 19. Bxc6 Rxc6 20. Ne5 Rc7 21.
Rac1 Rec8 22. Qe3 Rxc1 23. Rxc1 Rxc1+ 24. Qxc1 Bc6 25. Nf1 Nd7 26. Nxd7 Qxd7
27. Ne3 Qe7 28. Ng4 Qd6 29. Ne5 a6 30. h3 Kh7 31. Qc2+ Kg8 32. Qc3 Kh7 33. g3
Kg8 34. b4 Kh7 35. Qc5 Qxc5 36. bxc5 Kg8 37. Kf1 Bb5+ 38. Ke1 Kf8 39. Kd2 Ke7
40. Kc3 a5 41. Kd2 Kd8 42. Ke3 Kc7 43. h4 b6 44. cxb6+ Kxb6 45. Kd2 Be8 46. Kc3
g5 47. hxg5 hxg5 48. g4 Ba4 49. Nd3 Be8 50. f4 gxf4 51. Nxf4 Kc6 52. g5 Kd6 53.
Nd3 Ke7 54. Ne5 Kf8 55. Kd3 Kg7 56. Ke3 Ba4 57. Kf4 Be8 58. Nd3 Kg6 59. Nc5 Bf7
60. Nb7 a4 61. Nc5 e5+ 62. Kxe5 Kxg5 63. Nxa4 Be8 64. Nb6 Bc6 65. Nxd5 Bb7 66.
Nc7 Kg6 67. d5 Kf7 68. Kd6 Bc8 69. a4 Bb7 70. a5 Bxd5 71. Nxd5 Ke8 1-0